Southville International School and Colleges
Your cart is empty.
  • Cart
  • Lists
    Public lists Eva Luna New books Lux_list list_1
    Your lists Log in to create your own lists
  • Log in to your account
  • Your cookies
  • Search history
Southville International School and Colleges
  • Advanced search
  • Recent comments
  • Most popular
  • Libraries

Log in to your account

Log in with GOOGLE


If you do not have an external account, but do have a local account, you can still log in:

  1. Home
  2. MARC view: Mga kuwento sa kasaysayan
Normal view MARC view ISBD view

Mga kuwento sa kasaysayan (Record no. 18742)

[ view plain ]
MARC details
000 -LEADER
fixed length control field 01093nam a22003497a 4500
001 - CONTROL NUMBER
control field 13777836
003 - CONTROL NUMBER IDENTIFIER
control field OSt
005 - DATE AND TIME OF LATEST TRANSACTION
control field 20140310183102.0
008 - FIXED-LENGTH DATA ELEMENTS--GENERAL INFORMATION
fixed length control field 040412s2003 ph 000 0 tgl
010 ## - LIBRARY OF CONGRESS CONTROL NUMBER
LC control number 2003711696
020 ## - INTERNATIONAL STANDARD BOOK NUMBER
International Standard Book Number 9715062350
035 ## - SYSTEM CONTROL NUMBER
System control number (DLC) 2003711696
037 ## - SOURCE OF ACQUISITION
Source of stock number/acquisition Library of Congress -- Jakarta Overseas Office
Terms of availability P340.00
040 ## - CATALOGING SOURCE
Original cataloging agency DLC
Transcribing agency DLC
042 ## - AUTHENTICATION CODE
Authentication code lcode
050 00 - LIBRARY OF CONGRESS CALL NUMBER
Classification number PL 6063
Item number .N163 2003
082 ## - DEWEY DECIMAL CLASSIFICATION NUMBER
Classification number FIL 890.14
Item number N163 2003
100 1# - MAIN ENTRY--PERSONAL NAME
Personal name Nakpil, Carmen Guerrero.
245 14 - TITLE STATEMENT
Title Mga kuwento sa kasaysayan
Statement of responsibility, etc Nakpil, Carmen Geurrero
246 30 - VARYING FORM OF TITLE
Title proper/short title Kasaysayan
260 ## - PUBLICATION, DISTRIBUTION, ETC. (IMPRINT)
Place of publication, distribution, etc España, Manila
Name of publisher, distributor, etc UST Pub. House
Date of publication, distribution, etc 2003
300 ## - PHYSICAL DESCRIPTION
Extent viii, 208 p.
Dimensions 23 cm.
520 ## - SUMMARY, ETC.
Summary, etc Collection of Philippine historical essays.
521 ## - TARGET AUDIENCE NOTE
Target audience note
526 ## - STUDY PROGRAM INFORMATION NOTE
Reading level 1210L to 1700L
541 ## - IMMEDIATE SOURCE OF ACQUISITION NOTE
-- 1
546 ## - LANGUAGE NOTE
Language note In Tagalog.
562 ## - COPY AND VERSION IDENTIFICATION NOTE
Number of copies for circulation. 1 copy available in the collection
906 ## - LOCAL DATA ELEMENT F, LDF (RLIN)
a 7
b cbc
c origode
d 4
e ncip
f 20
g y-gencatlg
942 ## - ADDED ENTRY ELEMENTS (KOHA)
Source of classification or shelving scheme Library of Congress Classification
Koha item type Books
Call number prefix Filipininana
Holdings
Withdrawn status Lost status Source of classification or shelving scheme Damaged status Home library Current library Shelving location Date acquired Total Checkouts Full call number Barcode Date last seen Date checked out Copy number Price effective from Koha item type
    Library of Congress Classification   College Library College Library Filipiniana Section 03/02/2013 1 PL 6063 .N163 2003 c13057 02/27/2020 02/24/2020 1 03/02/2013 Books

Mga kuwento sa kasaysayan

APA

Nakpil C. G., . (2003). Mga kuwento sa kasaysayan. España, Manila: UST Pub. House.

Chicago

Nakpil Carmen Guerrero, . 2003. Mga kuwento sa kasaysayan. España, Manila: UST Pub. House.

Harvard

Nakpil C. G., . (2003). Mga kuwento sa kasaysayan. España, Manila: UST Pub. House.

MLA

Nakpil Carmen Guerrero, . Mga kuwento sa kasaysayan. España, Manila: UST Pub. House. 2003.

  • Place hold
  • Print
  • Cite
  • Add to your cart (remove)
  • Save record
    BIBTEX Dublin Core MARCXML MARC (non-Unicode/MARC-8) MARC (Unicode/UTF-8) MARC (Unicode/UTF-8, Standard) MODS (XML) RIS
  • More searches
    Search for this title in:
    Other Libraries (WorldCat) Other Databases (Google Scholar) Online Stores (Bookfinder.com) Open Library (openlibrary.org)

Exporting to Dublin Core...

SOUTHVILLE LIBRARY

Southville International School and Colleges Library

1281 Tropical Ave. Cor. Luxembourg St., BF Homes International, Las Pinas City

Tel. No. 8256374 / 252358 Loc. 117/146

Powered by Koha